Statistics for Countries and Capitals of the World

Click here to take the quiz!

General Stats

  • This quiz has been taken 786 times
    (775 since last reset)
  • The average score is 133 of 196

Answer Stats

Country% Correct
France
Paris
91%
Norway
Oslo
89%
United Kingdom
London
89%
Belgium
Brussels
88%
Spain
Madrid
88%
Sweden
Stockholm
88%
Germany
Berlin
87%
Russia
Moscow
87%
China
Beijing
86%
Denmark
Copenhagen
86%
Finland
Helsinki
86%
Ireland
Dublin
86%
Poland
Warsaw
86%
Portugal
Lisbon
86%
Austria
Vienna
85%
Greece
Athens
85%
Italy
Rome
85%
Japan
Tokyo
85%
Luxembourg
Luxembourg
85%
Netherlands
Amsterdam
85%
United States
Washington
85%
Hungary
Budapest
84%
Brazil
Brasilia
83%
Canada
Ottawa
83%
Egypt
Cairo
83%
Monaco
Monaco
83%
Switzerland
Bern
83%
Australia
Canberra
82%
Czechia
Prague
82%
Iceland
Reykjavik
82%
India
New Delhi
82%
Latvia
Riga
82%
Mexico
Mexico City
82%
South Korea
Seoul
82%
Andorra
Andorra la Vella
81%
Belarus
Minsk
81%
Bosnia and Herzegovina
Sarajevo
81%
Israel
Jerusalem
81%
Peru
Lima
81%
Romania
Bucharest
81%
Ukraine
Kiev
81%
Croatia
Zagreb
80%
Iran
Tehran
80%
South Africa
Pretoria
80%
Albania
Tirana
79%
Argentina
Buenos Aires
79%
Bulgaria
Sofia
79%
Chile
Santiago
79%
Colombia
Bogotá
79%
North Korea
Pyongyang
79%
San Marino
San Marino
79%
Afghanistan
Kabul
78%
Algeria
Algiers
78%
Indonesia
Jakarta
78%
Iraq
Baghdad
78%
Serbia
Belgrade
78%
Singapore
Singapore
78%
Turkey
Ankara
78%
Vatican City
Vatican City
78%
Vietnam
Hanoi
78%
New Zealand
Wellington
77%
Pakistan
Islamabad
77%
Panama
Panama City
77%
Slovakia
Bratislava
77%
Thailand
Bangkok
77%
Estonia
Tallinn
76%
Kuwait
Kuwait City
76%
Lithuania
Vilnius
76%
Ecuador
Quito
75%
Jamaica
Kingston
75%
Malaysia
Kuala Lumpur
75%
Malta
Valletta
75%
Mongolia
Ulaanbaatar
75%
Nepal
Kathmandu
75%
Philippines
Manila
75%
Slovenia
Ljubljana
75%
Syria
Damascus
75%
Venezuela
Caracas
75%
Cuba
Havana
74%
Lebanon
Beirut
74%
Liechtenstein
Vaduz
74%
Tunisia
Tunis
74%
United Arab Emirates
Abu Dhabi
74%
Uruguay
Montevideo
74%
Azerbaijan
Baku
73%
Bolivia
La Paz
73%
Cyprus
Nicosia
73%
Saudi Arabia
Riyadh
73%
Taiwan
Taipei
73%
Bangladesh
Dhaka
72%
El Salvador
San Salvador
72%
Guatemala
Guatemala City
72%
Jordan
Amman
72%
Macedonia
Skopje
72%
Moldova
Chișinău
72%
Paraguay
Asunción
71%
Georgia
Tbilisi
70%
Kosovo
Pristina
70%
Morocco
Rabat
70%
Armenia
Yerevan
69%
Djibouti
Djibouti
69%
Kenya
Nairobi
69%
Montenegro
Podgorica
69%
Oman
Muscat
69%
Qatar
Doha
69%
Guyana
Georgetown
68%
Laos
Vientiane
68%
Libya
Tripoli
68%
Bahamas
Nassau
67%
Cambodia
Phnom Penh
67%
Costa Rica
San Jose
67%
Timor-Leste
Dili
67%
Yemen
Sana'a
67%
Haiti
Port-au-Prince
66%
Bhutan
Thimphu
65%
Ethiopia
Addis Ababa
65%
Bahrain
Manama
64%
Dominican Republic
Santo Domingo
64%
Maldives
Malé
64%
Suriname
Paramaribo
64%
Angola
Luanda
63%
Nicaragua
Managua
63%
Sudan
Khartoum
63%
Uzbekistan
Tashkent
63%
Kazakhstan
Nur-Sultan
62%
Zimbabwe
Harare
62%
Belize
Belmopan
61%
Guinea-Bissau
Bissau
61%
Honduras
Tegucigalpa
61%
Kyrgyzstan
Bishkek
61%
Somalia
Mogadishu
61%
Sri Lanka
Colombo
61%
Turkmenistan
Ashgabat
61%
Democratic Republic
of the Congo
Kinshasa
60%
Ghana
Accra
60%
Madagascar
Antananarivo
60%
Myanmar
Naypyidaw
60%
Nigeria
Abuja
60%
Senegal
Dakar
60%
South Sudan
Juba
60%
Namibia
Windhoek
59%
Seychelles
Victoria
59%
Brunei
BandarSeri Begawan
58%
Papua New Guinea
Port Moresby
58%
São Tomé and Príncipe
São Tomé
58%
Sierra Leone
Freetown
58%
Tajikistan
Dushanbe
58%
Uganda
Kampala
57%
Antigua and Barbuda
St John's
56%
Botswana
Gaborone
56%
Congo
Brazzaville
56%
Liberia
Monrovia
56%
Barbados
Bridgetown
55%
Burkina Faso
Ouagadougou
55%
Eritrea
Asmara
55%
Zambia
Lusaka
55%
Dominica
Roseau
54%
Fiji
Suva
54%
Malawi
Lilongwe
54%
Niger
Niamey
54%
Tanzania
Dodoma
54%
Trinidad and Tobago
Port-of-Spain
54%
Benin
Porto-Novo
53%
Cameroon
Yaoundé
53%
Mali
Bamako
53%
Mozambique
Maputo
53%
Rwanda
Kigali
53%
Togo
Lomé
53%
Cabo Verde
Praia
52%
Chad
N'Djamena
52%
Central African Republic
Bangui
51%
Lesotho
Maseru
51%
Samoa
Apia
51%
St Lucia
Castries
51%
Burundi
Gitega
50%
Comoros
Moroni
50%
Guinea
Conakry
50%
Mauritius
Port Louis
50%
St Kitts and Nevis
Basseterre
50%
Gabon
Libreville
49%
Swaziland
Mbabane
48%
Côte d'Ivoire
Yamoussoukro
47%
Grenada
St Georges
47%
Mauritania
Nouakchott
47%
St Vincent and
the Grenadines
Kingstown
47%
Tuvalu
Funafuti
47%
Gambia
Banjul
46%
Nauru
Yaren
45%
Solomon Islands
Honiara
45%
Kiribati
South Tarawa
44%
Marshall Islands
Majuro
44%
Tonga
Nukuʻalofa
44%
Vanuatu
Port Vila
44%
Equatorial Guinea
Malabo
43%
Micronesia
Palikir
42%
Palau
Ngerulmud
42%

Score Distribution

Percentile by Number Answered

Percent of People with Each Score

Your Score History

You have not taken this quiz since the last reset